<?xml version="1.0" encoding="UTF-8"?>
<record
    xmlns:xsi="http://www.w3.org/2001/XMLSchema-instance"
    xsi:schemaLocation="http://www.loc.gov/MARC21/slim http://www.loc.gov/standards/marcxml/schema/MARC21slim.xsd"
    xmlns="http://www.loc.gov/MARC21/slim">

  <leader>00893nam a2200229 i 4500</leader>
  <controlfield tag="001">114645</controlfield>
  <controlfield tag="003">ES-MaACL</controlfield>
  <controlfield tag="005">20250815062535.0</controlfield>
  <controlfield tag="007">t|</controlfield>
  <controlfield tag="008">070316s1907    sp           ||||1| spa d</controlfield>
  <datafield tag="100" ind1="1" ind2=" ">
    <subfield code="a">Reclus, On&#xE9;sime.</subfield>
    <subfield code="9">95777</subfield>
  </datafield>
  <datafield tag="245" ind1="1" ind2="0">
    <subfield code="a">Nov&#xED;sima geograf&#xED;a universal / </subfield>
    <subfield code="c">On&#xE9;simo y Eliseo Reclus ; traducci&#xF3;n y pr&#xF3;logo de Vicente Blasco Ib&#xE1;&#xF1;ez.</subfield>
  </datafield>
  <datafield tag="260" ind1=" " ind2=" ">
    <subfield code="a">Madrid : </subfield>
    <subfield code="b">La Editorial Espa&#xF1;ola-Americana, </subfield>
    <subfield code="c">[1907]</subfield>
  </datafield>
  <datafield tag="300" ind1=" " ind2=" ">
    <subfield code="a">6 v. : </subfield>
    <subfield code="b">il., mapas ; </subfield>
    <subfield code="c">22 cm.</subfield>
  </datafield>
  <datafield tag="505" ind1="0" ind2=" ">
    <subfield code="a">1. Europa - 2. Asia - 3. &#xC1;frica - 4. Am&#xE9;rica del Norte - 5. Am&#xE9;rica Central y del Sur - 6. Am&#xE9;rica del Sur y Ocean&#xED;a</subfield>
  </datafield>
  <datafield tag="596" ind1=" " ind2=" ">
    <subfield code="a">La fecha de ed. aparece en los v. 5 y 6.</subfield>
  </datafield>
  <datafield tag="650" ind1="0" ind2="7">
    <subfield code="a">Geograf&#xED;a</subfield>
    <subfield code="2">embne</subfield>
    <subfield code="9">13070</subfield>
  </datafield>
  <datafield tag="700" ind1="1" ind2=" ">
    <subfield code="a">Reclus, &#xC9;lis&#xE9;e, </subfield>
    <subfield code="d">1830-1905</subfield>
    <subfield code="9">95775</subfield>
  </datafield>
  <datafield tag="700" ind1="1" ind2=" ">
    <subfield code="a">Blasco Ib&#xE1;&#xF1;ez, Vicente,</subfield>
    <subfield code="d">1867-1928</subfield>
    <subfield code="9">29388</subfield>
  </datafield>
  <datafield tag="852" ind1=" " ind2=" ">
    <subfield code="a">ES-MaACL</subfield>
    <subfield code="j">B-957-62</subfield>
  </datafield>
  <datafield tag="999" ind1=" " ind2=" ">
    <subfield code="c">114645</subfield>
    <subfield code="d">114645</subfield>
  </datafield>
  <datafield tag="952" ind1=" " ind2=" ">
    <subfield code="0">0</subfield>
    <subfield code="1">0</subfield>
    <subfield code="4">0</subfield>
    <subfield code="7">0</subfield>
    <subfield code="a">ATENEOM</subfield>
    <subfield code="b">ATENEOM</subfield>
    <subfield code="c">SPB</subfield>
    <subfield code="d">2008-01-17</subfield>
    <subfield code="e">SC</subfield>
    <subfield code="l">0</subfield>
    <subfield code="o">B-957-62</subfield>
    <subfield code="p">1119556</subfield>
    <subfield code="r">2023-02-23 00:00:00</subfield>
    <subfield code="w">2023-02-23</subfield>
    <subfield code="y">MONOGRAFIA</subfield>
  </datafield>
</record>
